000 00245nam a22000977a 4500
999 _c11786
_d11786
008 200217b ||||| |||| 00| 0 eng d
020 _a9781338112146
100 _aWest Tracey
_97469
245 _aRobin to the Rescue
260 _aUSA
_bScolastic
_c2017